00503nam a2200145Ia 4500008004100000082001900041100003700060245001600097260003900113630001800152650004700170942000900217952011600226999001500342211109s9999||||xx |||||||||||||| ||und|| a891.433bDAK-N aDakshin Bharat Hindi Prachar S,  0aNow Kahania bNATIONAL BOOKSTALLaKottayamc1942 xGeneral Stack aHindi LiteraturevHindi FictionxGeneralia cBOOK 00104070aSBCLbSBCLc2d2021-11-09g20.00l0o891.433 DAK-Np00010397r2021-11-09 00:00:00w2021-11-09yBOOK c9861d9861